000 00591nam a2200205Ia 4500
003 IN-BaIIA
008 211028s9999 xx 000 0 eng d
020 _a978-81-843-1705-3
040 _cIIA Library
080 _a621.337.1
_bBAK
100 _aBakshi, U. A
_935939
245 0 _aControl engineering
_cU.A. Bakshi and V. U. Bakshi
260 _aPune
_bTechnical Publications
_c2012
300 _a[various pagings.]
650 _aClosed loop systems
_935940
650 _aOpen loop systems
_935941
650 _aTransfer functions
_935942
700 _aBakshi, V. U
_935943
942 _cBK
999 _c18785
_d18785